00382nmm a2200133Ia 4500008004100000041000800041100001900049245002300068264005100091300001800142490001400160650002200174856005200196251105s9999||||xx |||||||||||||||||und|| aspa aAnsola, Raúl 0aLa obra imperfecta a[Madrid, España] :bEditorial Egales, c2014 a340 páginas aNarrativa aSpanish narrative uhttps://public.digitaliapublishing.com/a/160870